Nordic brands: Norwegian, Swedish, Finnish or Danish - Statistics

General Stats
  • This quiz has been taken 88 times
  • The average score is 12 of 20
Answer Stats
Question Answer % Correct
Ikea Sweden
97%
Lego Denmark
95%
Spotify Sweden
94%
Volvo Sweden
94%
Nokia Finland
89%
Iittala Finland
85%
Scania Sweden
76%
Mojang Studios Sweden
73%
Flying Tiger Denmark
62%
Helly Hansen Norway
62%
Supercell Finland
58%
Fazer Finland
58%
Bang & Olufsen Denmark
47%
Fiskars Finland
44%
Jordan Norway
43%
Jysk Denmark
41%
Opera software Norway
37%
Yara Norway
30%
Ecco Denmark
29%
Kavli Norway
28%
No matching quizzes found
Score Distribution
Percent of People with Each Score
Percentile by Number Answered
Your Score History
You have not taken this quiz